000 00590cam a22001934a 4500
001 11842104
003 OSt
005 20260422123901.0
008 991115s2000 nyu b 001 0 eng
020 _a9781841271576
040 _cHDL
_bENG
082 0 0 _a294.52114 P0
245 0 0 _aIs the goddess a feminist?
_bthe politics of South Asian goddesses /
_cedited by Alf Hiltebeitel & Kathleen M. Erndl.
260 _aNew York :
_bNew York University Press,
_c2000.
300 _a287 p.
650 0 _aFeminism
_xReligious aspects.
_91235368
942 _2CC
_cTEXL
_n0
999 _c1848374
_d1848374